000 00745nam a2200253 i 4500
001 bg
100 1 _aMATUSZYK, Anna
245 1 0 _aCredit scoring :
_bmetoda zarządzania ryzykiem kredytowym /
_cAnna Matuszyk.
260 _aWarszawa :
_bCeDeWu,
_c2004.
300 _a199 s. :
_brys., wykr. ;
_c24 cm.
504 _aBibliogr.
650 9 _aKlasyfikacja kredytowa
650 9 _aRyzyko
_xfinanse
_xzarządzanie
650 9 _aRyzyko
_xzarządzanie
_xmetody
655 _aPodręczniki
020 _a8387885657
040 _cBPK
041 0 _apol
080 _a336.77
920 _a83-87885-65-7
942 _cKS
008 s pl f |000 0 pol
999 _c44832
_d44832
856 _uhttp://koha.tu.koszalin.pl/cgi-bin/koha/opac-detail.pl?biblionumber=44832
_yKatalog online BPK